Connections : (Registro nro. 30450)

Detalles MARC
000 -LEADER
campo de control de longitud fija 02418cam a22005294i 4500
003 - IDENTIFICADOR DE NÚMERO DE CONTROL
campo de control PE-LiUPU
005 - FECHA Y HORA DE LA ÚLTIMA TRANSACCIÓN
campo de control 20250731173108.0
008 - DATOS DE LONGITUD FIJA--INFORMACIÓN GENERAL
campo de control de longitud fija 181211s2018 kyu r 001 0 eng d
020 ## - NÚMERO INTERNACIONAL ESTÁNDAR DEL LIBRO
Número Internacional Estándar del Libro 0664262430
020 ## - NÚMERO INTERNACIONAL ESTÁNDAR DEL LIBRO
Número Internacional Estándar del Libro 9780664262433
035 ## - NÚMERO DE CONTROL DEL SISTEMA
Número de control de sistema (Sirsi) a250998
040 ## - FUENTE DE CATALOGACIÓN
Centro catalogador/agencia de origen PE-LiUPU
Lengua de catalogación spa
Centro/agencia transcriptor PE-LiUPU
Normas de descripción rda
049 ## - FONDOS LOCALES (OCLC)
Biblioteca depositaria PRUA
082 04 - NÚMERO DE LA CLASIFICACIÓN DECIMAL DEWEY
Número de clasificación 251.6
Cutter C7
Número de edición 23
245 00 - MENCIÓN DEL TÍTULO
Título Connections :
Resto del título a lectionary commentary for preaching and worship.
Nombre de parte o sección de la obra Year C.
Número de parte o sección de la obra Volume 1,
Nombre de parte o sección de la obra Advent through Epiphany /
Mención de responsabilidad, etc. Joel B. Green [y otros cuatro].
250 ## - MENCION DE EDICION
Mención de edición Primera edición.
264 #1 - PRODUCCIÓN, PUBLICACIÓN, DISTRIBUCIÓN, FABRICACIÓN Y COPYRIGHT
Producción, publicación, distribución, fabricación y copyright Louisville :
Nombre del de productor, editor, distribuidor, fabricante Westminster John Knox Press,
Fecha de producción, publicación, distribución, fabricación o copyright [2018].
300 ## - DESCRIPCIÓN FÍSICA
Extensión xiv, 332 páginas ;
Dimensiones 27 centímetros
336 ## - TIPO DE CONTENIDO
Término de tipo de contenido text
Fuente rdacontent
337 ## - TIPO DE MEDIO
Nombre/término del tipo de medio unmediated
Fuente rdamedia
338 ## - TIPO DE SOPORTE
Nombre/término del tipo de soporte volume
Fuente rdacarrier
504 ## - NOTA DE BIBLIOGRAFÍA, ETC.
Nota de bibliografía, etc. Índice: páginas 321-332.
505 0# - NOTA DE CONTENIDO CON FORMATO
Nota de contenido con formato First Sunday of Advent -- Second Sunday of Advent -- Third Sunday of Advent -- Fourth Sunday of Advent -- Christmas Eve/Nativity of the Lord, Proper I -- Christmas Eve/Nativity of the Lord, Proper II -- Christmas Eve/Nativity of the Lord, Proper III -- First Sunday after Christmas Day -- Second Sunday after Christmas Day -- Epiphany of the Lord -- Baptism of the Lord -- Second Sunday after the Epiphany -- Third Sunday after the Epiphany -- Fourth Sunday after the Epiphany -- Fifth Sunday after the Epiphany -- Sixth Sunday after the Epiphany -- Seventh Sunday after the Epiphany -- Eighth Sunday after the Epiphany -- Ninth Sunday after the Epiphany -- Transfiguration Sunday.
526 ## - NOTA DE INFORMACIÓN SOBRE EL PROGRAMA DE ESTUDIO
Nombre del programa Segunda Especialidad En Profecías Bíblicas
526 ## - NOTA DE INFORMACIÓN SOBRE EL PROGRAMA DE ESTUDIO
Nombre del programa Segunda Especialidad En Nuevo Testamento
526 ## - NOTA DE INFORMACIÓN SOBRE EL PROGRAMA DE ESTUDIO
Nombre del programa Segunda Especialidad En Antiguo Testamento
526 ## - NOTA DE INFORMACIÓN SOBRE EL PROGRAMA DE ESTUDIO
Nombre del programa Segunda Especialidad En Estudios Adventistas
526 ## - NOTA DE INFORMACIÓN SOBRE EL PROGRAMA DE ESTUDIO
Nombre del programa Doctorado en teología
526 ## - NOTA DE INFORMACIÓN SOBRE EL PROGRAMA DE ESTUDIO
Nombre del programa Maestría en teología histórica
526 ## - NOTA DE INFORMACIÓN SOBRE EL PROGRAMA DE ESTUDIO
Nombre del programa Maestría en teología bíblica
526 ## - NOTA DE INFORMACIÓN SOBRE EL PROGRAMA DE ESTUDIO
Nombre del programa Maestría en teología
526 ## - NOTA DE INFORMACIÓN SOBRE EL PROGRAMA DE ESTUDIO
Nombre del programa Maestría en misionología
526 ## - NOTA DE INFORMACIÓN SOBRE EL PROGRAMA DE ESTUDIO
Nombre del programa Maestría en liderazgo eclesiástico
526 ## - NOTA DE INFORMACIÓN SOBRE EL PROGRAMA DE ESTUDIO
Nombre del programa Teología
596 ## -
-- 1
650 04 - PUNTO DE ACCESO ADICIONAL DE MATERIA--TÉRMINO DE MATERIA
Término de materia o nombre geográfico como elemento de entrada La predicación del leccionario.
650 04 - PUNTO DE ACCESO ADICIONAL DE MATERIA--TÉRMINO DE MATERIA
Término de materia o nombre geográfico como elemento de entrada Leccionarios.
700 1# - ENTRADA AGREGADA--NOMBRE PERSONAL
Nombre de persona Green, Joel B.,
Fechas asociadas al nombre 1956-,
Término indicativo de función/relación editor.
700 1# - ENTRADA AGREGADA--NOMBRE PERSONAL
Nombre de persona Long, Thomas G.,
Fechas asociadas al nombre 1946-,
Término indicativo de función/relación editor.
700 1# - ENTRADA AGREGADA--NOMBRE PERSONAL
Nombre de persona Powery, Luke A.,
Fechas asociadas al nombre 1974-,
Término indicativo de función/relación editor.
700 1# - ENTRADA AGREGADA--NOMBRE PERSONAL
Nombre de persona Rigby, Cynthia L.,
Término indicativo de función/relación editor.
910 ## - DATOS DE OPCIÓN DEL USUARIO (OCLC)
Datos de opción del usuario dbm
-- rri
-- rri
-- 20181211
942 ## - ELEMENTOS DE ENTRADA SECUNDARIOS (KOHA)
Fuente del sistema de clasificación o colocación Clasificación Decimal Dewey
Tipo de ítem Koha
994 ## -
-- C0
-- PEPRU
999 ## - NÚMEROS DE CONTROL DE SISTEMA (KOHA)
-- DEWEY
-- 79341
-- 2021-11-10
-- 4
-- CCODEBUL1
-- BUL
-- 22.50
-- 0
-- Y
-- BOOK
-- 2018-12-11
-- TEOLOGIA
-- P85
-- DONACION
-- FCOMPR2
-- .STAFF. Colección Teología
980 ## - EQUIVALENCIA O REFERENCIA-CRUZADA-MENCIÓN DE SERIE--NOMBRE DE PERSONA/TÍTULO [LOCAL, CANADÁ]
ID del último usuario que modificó el registro 1
Nombre del último usuario que modificó el registro ALBERTO SANCHEZ Responsable de Automatización
Existencias
Visto por última vez Número de inventario Total de préstamos Signatura topográfica completa Código de barras Copia número Coste, precio de reemplazo Fecha de reemplazo Facultad Tipo de ítem Koha Nota pública Estado de pérdida Fuente del sistema de clasificación o colocación Restricciones de uso No para préstamo Colección Programa académico Biblioteca de origen Biblioteca actual Ubicación en estantería Fecha de adquisición Fuente de adquisición Coste, precio normal de compra
2025-12-03 5   251.6 C7 79341 e1 27.50 2018-12-11   Libros físicos inventario-2023-12-13 No Perdido Clasificación Decimal Dewey No restringido Disponible para préstamos Colección General Maestría en teología Biblioteca CRAI UPeU Lima Biblioteca CRAI UPeU Lima Sala principal 2018-12-11 DONACION 22.50